Les équipes qui ont affronté LeBron James en finale NBA. - Statistiques

Statistiques générales
  • Ce quiz a été pris 188 fois
  • Le résultat moyen est 9 sur 10
Statistiques - réponses
Indice Réponse % Correct
2017 (Défaite) Golden State Warriors
94%
2015 (Défaite) Golden State Warriors
93%
2018 (Défaite) Golden State Warriors
93%
2016 (Victoire) Golden State Warriors
92%
2007 (Défaite) San Antonio Spurs
91%
2020 (Victoire) Miami Heat
90%
2011 (Défaite) Dallas Mavericks
88%
2013 (Victoire) San Antonio Spurs
86%
2014 (Défaite) San Antonio Spurs
86%
2012 (Victoire) Oklahoma City Thunder
77%
Aucun quiz correspondant
Distribution des résultats
% des personnes avec chaque résultat
Percentile par nombre de réponses
Votre historique - résultats
Vous n’avez pas pris ce quiz